LEADER 01406nam a2200217 i 4500 001 000000255856 003 CaOOAMICUS 005 20200310113859.0 008 171020s1765 it u000 u ita u 013 $a234764 026 $ael,e 7.,e oau- Repo (3) 1765 (R) 040 $aSeMil$bita 245 10$a25: Che contiene l'Africa in cui si descrivono l'Etiopia, la Nubia, le coste di Abex, di Ajan, di Zanguebar, e di Sofala, la Cafraria, il paese degli Ottentoti, il Monomotapa, il Monoemughi, e la costa della Guinea. 300 $a[16], 605, [3] p., [36] carte di tav. calcogr. :$bantip., ill., c. geogr. 500 $aSegn.: *8 A-2P8. 773 0 $aSalmon, Thomas <1679-1767>$tStato presente di tutti i paesi e popoli del mondo naturale, politico, e morale, con nuove osservazioni, e correzioni degli antichi, e moderni viaggiatori. ..$dIn Venezia : Presso Giambatista Albrizzi q. Gir., 1738-1766.$g25$w()5191 850 $aSeMil 852 $aSeMil$W1$xVenegono$y1$m3W I 84 FA$j206202$B206202$CSeMilBibl$Z2$F219609 $8I 852 $aSeMil$W1$xVenegono$y1$m3XB V 25 FA$j219206$B230955$CSeMilBibl$Z2$F230955 $8I 996 $6245$a25: Che contiene l'Africa in cui si descrivono l'Etiopia, la Nubia, le coste di Abex, di Ajan, di Zanguebar, e di Sofala, la Cafraria, il paese degli Ottentoti, il Monomotapa, il Monoemughi, e la costa della Guinea$9(OLS)http://semarc/title/411914 LEADER 01216nam a2200277 i 4500 001 000000066993 003 CaOOAMICUS 005 20070110000000.0 008 070110s1968 it u000 u ita u 013 $a38165 040 $aSeMil$bita 100 1 $aMezzanotte, Paolo.$0(OLS)http://semarc/name/12674 245 10$aMilano :$bnell'arte e nella storia /$cPaolo Mezzanotte [e] Giacomo Bascapé C. ; a cura di Gianni Mezzanotte. 260 $aMilano-Roma :$bCarlo Bestetti,$cstampa 1968. 300 $aCIV, 543 p. :$briccamente ill. ;$c32 cm. 500 $aIn custodia. - Fondo Card. Giovanni Colombo. 650 4$aMilano - Arte.$0(OLS)http://semarc/subject/6950 650 4$aMilano - Storia.$0(OLS)http://semarc/subject/766 700 1 $aMezzanotte, Gianni.$0(OLS)http://semarc/name/33255 700 1 $aBascapè, Giacomo Carlo,$d<1902-1993>.$0(OLS)http://semarc/name/10607 850 $aSeMil 852 $aSeMil$W1$xVenegono$y1$m3O V 24$j33146$B33146$CSeMilBibl$Z2$F33149 $81 941 1 $a3 961 $aLascito: Colombo Card. Giovanni 996 $6245$aMilano :$bnell'arte e nella storia$9(OLS)http://semarc/title/106683 996 $6260$aMilano-Roma :$bCarlo Bestetti$9(OLS)http://semarc/publisher/40149